• 首页
  • 本馆介绍
  • 公告通知
  • 最新文献
  • 馆藏检索
  • 电子资源
  • 读者导购
  • 参考咨询
  • 我的图书馆
  • 登录
  • 详细信息显示
  • 放入我的书架
  • 预约/预借图书
  • 作者相关作品
  • 分类相关作品
  • 丛书相关作品
  • 出版社相关作品

书目信息

  • 表格格式
  • 工作单格式
  • 卡片格式
题名:
啤酒生产理化检测技术
    
 
作者: 张祖莲 主编
分册:  
出版信息: 北京   中国轻工业出版社  2012
页数: 233页
开本: 24cm
丛书名:
单 册:
中图分类: TS262.5
科图分类:
主题词: 啤酒酿造--物理化学性质--检测--高等职业教育--教材 , 物理化学性质 , 检测 , 啤酒酿造
电子资源:
ISBN: 978-7-5019-8694-1
000 00939nam0 2200277 45
001 1355393577
005 20130513111018.84
010    @a978-7-5019-8694-1@dCNY28.00
100    @a20130108d2012 em y0chiy50 ea
101 0  @achi
102    @aCN@b110000
105    @ay z 000yy
106    @ar
200 1  @a啤酒生产理化检测技术@APi Jiu Sheng Chan Li Hua Jian Ce Ji Shu@f张祖莲主编@FZhang Zu Lian Zhu Bian
210    @a北京@c中国轻工业出版社@d2012
215    @a233页@d24cm
300    @a高等职业教育酿酒技术专业教材
330    @a本书系统地介绍了啤酒生产原辅材料、半成品、副产物、成品的分析和检测及质量控制,同时介绍了一些啤酒生产工艺的控制和检测。
606 0  @a啤酒酿造@x物理化学性质@x检测@x高等职业教育@j教材
606 0  @a物理化学性质
606 0  @a检测
606 0  @a啤酒酿造
690    @aTS262.5@v5
701  0 @a张祖莲@AZhang Zu Lian@g(啤酒)@4主编
801    @aCN@bTANGWEI@c20130109
905    @b0830926-28@dTS262.5@e150@f3
    
    啤酒生产理化检测技术/张祖莲主编.-北京:中国轻工业出版社,2012
    233页;24cm
    高等职业教育酿酒技术专业教材
    
    ISBN 978-7-5019-8694-1:CNY28.00
    本书系统地介绍了啤酒生产原辅材料、半成品、副产物、成品的分析和检测及质量控制,同时介绍了一些啤酒生产工艺的控制和检测。
●
相关链接 在E读中查询图书 在五车中查询图书 在当当中查询图书 在豆瓣中查询图书


正题名:啤酒生产理化检测技术     索取号:TS262.5/150         预约/预借

序号 登录号 条形码 馆藏地/架位号 状态 备注
1 0830926   208309267   第二样本阅览室/ [索取号:TS262.5/150] 在馆    
2 0830927   208309276   第三借阅区/ [索取号:TS262.5/150] 在馆    
3 0830928   208309285   第三借阅区/ [索取号:TS262.5/150] 在馆    
唐山师范学院图书馆 欢迎您!
大连网信软件有限公司© 版权所有